| 000 | 00414nam a2200157Ia 4500 | ||
|---|---|---|---|
| 008 | 220204s9999 xx 000 0 und d | ||
| 020 | _a8185680108 | ||
| 082 |
_a631.461 _bBHA |
||
| 100 | _aBhandari, S C | ||
| 245 | 0 | _aEcology and biology of soil organisms | |
| 260 |
_aUdaipur _bAgrotech Publishing Academy |
||
| 650 | _aMicrobial ecology | ||
| 650 | _aSoil ecosystem | ||
| 700 | _aSomani, L L | ||
| 942 | _cBK | ||
| 999 |
_c42205 _d42205 |
||